| 000 | 00660nam a22002175a 4500 | ||
|---|---|---|---|
| 008 | 161121t2016 xxua|||fr|||| 001 0 eng d | ||
| 020 | _a9789384161712 | ||
| 040 |
_aEG-ScBUE _beng _cEG-ScBUE |
||
| 082 | 0 | 4 |
_222 _a332.10954 _bJEN |
| 100 | 1 | _aJena, Artta Bandhu | |
| 245 | 1 | 0 |
_aDynamics of banking & insurance : _bmodern concepts & approaches / _cArtta Bandhu Jena |
| 260 |
_aNew Delhi : _bDominant, _c2016. |
||
| 300 |
_av, 227 p. : _bill. ; _c24 cm. |
||
| 500 | _aIndex : p. 225-227. | ||
| 590 | _aSuzan Ashmawy | ||
| 650 | 7 |
_2BUEsh _aBanks and banking |
|
| 650 | 7 |
_2BUEsh _aInsurance |
|
| 651 | _2BUEsh | ||
| 653 |
_bBUSECO _cNovember2016 |
||
| 942 | _2ddc | ||
| 999 |
_c23222 _d23194 |
||